Statistics for Math symbols and functions quiz

Click here to take the quiz!

General Stats

  • This quiz has been taken 586 times
  • The average score is 14 of 20

Answer Stats

Symbol/functionAnswer% Correct
+Addition
100%
-Subtraction
100%
x or *Multiplication
96%
÷ or /Division
95%
cos(x)Cosine
85%
√xSquare Root
83%
sin(x)Sine
82%
tan(x)Tangent
81%
log(x)logarithm
73%
ΣSum
71%
°Degree
70%
cot(x)Cotangent
62%
θTheta
57%
^exponentiation
52%
sec(x)Secant
52%
|x|absolute value
51%
Integral
49%
csc(x)Cosecant
47%
ln(x)Natural log
47%
d/dxDerivative
45%

Score Distribution

Percentile by Number Answered

Percent of People with Each Score

Your Score History

You have not taken this quiz